| 000 | 00923ata a2200385 4500 | ||
|---|---|---|---|
| 005 | 20251107163706.0 | ||
| 008 | 150703b2004 xxu||||| |||| 00| 0 spa d | ||
| 020 | _a9968313483 | ||
| 041 | _aESP | ||
| 082 | _a508.728.66 M743h | ||
| 100 | _aMonge Nájera, Julián | ||
| 245 | _aHistoria Natural de Guanacaste | ||
| 260 | _aCosta Rica | ||
| 260 | _bEUNED | ||
| 260 | _c2004 | ||
| 300 | _a242 páginas | ||
| 490 | _aTurismo | ||
| 650 | _aHISTORIA NATURAL | ||
| 650 | _aGUANACASTE | ||
| 650 | _aCOSTA RICA | ||
| 650 | _aÁREAS DE CONSERVACION | ||
| 650 | _aARENAL | ||
| 650 | _aGUANACASTE | ||
| 650 | _aHUETAR NORTE | ||
| 650 | _aPACIFICO CENTRAL | ||
| 650 | _aTEMPISQUE | ||
| 650 | _aBIODIVERSIDAD | ||
| 650 | _aECOSISTEMAS ACUÁTICOS | ||
| 650 | _aECOLOGÍA | ||
| 650 | _aCLIMA | ||
| 650 | _aCORREDOR BIOLÓGICO | ||
| 650 | _aPARQUES NACIONALES | ||
| 942 |
_cBK _2ddc |
||
| 999 |
_c1584 _d1584 |
||